00508nam a2200133 a 450000100100000000500170001000800410002704000250006808200160009311000680010924500800017726000950025730000220035200003218820200930063514.0110713s1976 dr 000 0 spa d aDO-SdBNPbspacBNPHU axxxxbC744p2 aAsociación Dominicana de Profesionales en la Administración10aConclusiones del primer congreso de administración :blista de asociados. a[Santo Domingo :bAsociación Dominicana de Profesionales en la Administración,c1976]. a[18 p.] ;c21 cm.